书目信息 |
| 题名: |
阿缪莱特酒店
|
|
| 作者: | 方丈贵惠 著 ;吕灵芝 译 | |
| 分册: | ||
| 出版信息: | 北京 新星出版社 2025.01 |
|
| 页数: | 243页 | |
| 开本: | 22cm | |
| 丛书名: | 午夜文库 | |
| 单 册: | ||
| 中图分类: | I313.45 | |
| 科图分类: | ||
| 主题词: | 推理小说--小说集--日本--现代 , 短篇小说--小说集--日本--现代 | |
| 电子资源: | ||
| ISBN: | 978-7-5133-5570-4 | |
| 000 | 01090oam2 2200337 450 | |
| 001 | 012961214 | |
| 005 | 20251022141550.47 | |
| 010 | @a978-7-5133-5570-4@dCNY52.00 | |
| 100 | @a20241231d2025 em y0chiy0110 ea | |
| 101 | 1 | @achi@cjpn |
| 102 | @aCN@b110000 | |
| 105 | @aa z 000ay | |
| 106 | @ar | |
| 200 | 1 | @a阿缪莱特酒店@9a mou lai te jiu dian@f(日)方丈贵惠著@g吕灵芝译 |
| 210 | @a北京@c新星出版社@d2025.01 | |
| 215 | @a243页@c图@d22cm | |
| 225 | 1 | @a午夜文库@i日系佳作 |
| 300 | @a方丈贵惠作品 04 | |
| 308 | @a主丛编编号:790 | |
| 312 | @a封面英文题名:Amulet Hotel | |
| 330 | @a本书收录了《阿缪莱特酒店》《年度犯罪者颁奖典礼上的谋杀》《谢绝生客》《泰坦的谋杀》4篇小说。 | |
| 461 | 0 | @12001 @a午夜文库 |
| 462 | 0 | @12001@@@@a日系佳作 |
| 510 | 1 | @aAmulet Hotel@zeng |
| 606 | 0 | @a推理小说@x小说集@y日本@z现代 |
| 606 | 0 | @a短篇小说@x小说集@y日本@z现代 |
| 690 | @aI313.45@v5 | |
| 701 | 0 | @c(日)@a方丈贵惠@9fang zhang gui hui@f(1984-)@4著 |
| 702 | 0 | @a吕灵芝@9lv ling zhi@4译 |
| 801 | 0 | @aCN@c20250909 |
| 905 | @a河南城建学院图书馆@dI313.45@eF271-3@ZF271-3@f1 | |
| 阿缪莱特酒店/(日)方丈贵惠著/吕灵芝译.-北京:新星出版社,2025.01 |
| 243页:图;22cm.-(午夜文库.日系佳作) |
| 方丈贵惠作品 04 |
| ISBN 978-7-5133-5570-4:CNY52.00 |
| 本书收录了《阿缪莱特酒店》《年度犯罪者颁奖典礼上的谋杀》《谢绝生客》《泰坦的谋杀》4篇小说。 |
| ● |
| 相关链接 |
|
|
|
正题名:阿缪莱特酒店
索取号:I313.45/F271-3
 
预约/预借
| 序号 | 登录号 | 条形码 | 馆藏地/架位号 | 状态 | 备注 |
| 1 | 1631996 | 216319963 | 文学库116/116文学库 14排3列6层/ [索取号:I313.45/F271-3] | 在馆 |